Reprodukcia a využitie pracovných síl

Podrobná bibliografia
Hlavný autor: Hlad, František (Autor)
Médium: Článok
Jazyk:slovenčina
Fyzický popis:Tb. 4.
Predmet:

MARC

LEADER 00000nab a2200000 a 4500
001 vtls000222412
003 SK-MaSNL
005 20260303165310.0
008 111130c1985 xo 0 slo
015 |a SNBRB19rr/mm-uuuuu 
035 |a CL0232526 
040 |a SNKBUCL  |b slo  |c SNKBUCL  |e AACR2 
041 0 |a slo 
044 |a xo  |c SK 
080 |a 331.5  |2 1981 
080 |a 312  |2 1981 
100 1 |a Hlad, František  |4 aut  |9 901922 
245 1 0 |a Reprodukcia a využitie pracovných síl  |c František Hlad 
300 |b Tb. 4. 
650 0 7 |a pracovná sila  |2 snkbucl  |9 2342 
655 7 |a články z novín a časopisov  |2 snkbucl  |9 267496 
773 0 |t Národné výbory  |g Č. 16 (1985), s. 14-15 
850 |a Slovenská národná knižnica v Martine  |a MTA001 
852 |a SNK  |b KIS3GCP 
958 |a RK 
992 |a RBX 
999 |c 2070949  |d 2072879